Préfectures de France : Digne-les-Bains - Statistiques

Statistiques générales
  • Ce quiz a été pris 30 fois
  • Le résultat moyen est 14 sur 35
Statistiques - réponses
Question Réponse % Correct
Quel numéro porte celui-ci ? 04
100%
De quel département est-ce la préfecture ? Alpes-de-Haute-Provence
95%
A quelle région administrative appartient la ville depuis 2015 ? Provence-Alpes-Côte-d'azur
95%
Les journaux locaux sont La {Provence}
90%
La ville appartient à l'académie de Aix-Marseille
86%
Comment se nomment ses habitants ? Dignois | Dignoise
81%
La couleur de fond de son blason est le bleu
67%
L'aéroport le plus proche est Marseille
67%
Les communes limitrophes sont Aiglun
57%
Les journaux locaux sont Le {Dauphiné} libéré
57%
La ville a été désignée par L'Equipe Ville la plus {sportive} de France dans les communes de moins de 20000 habitants
57%
Quelles sont les sous-préfectures qui en dépendent ? Castellane
52%
La ville a longtemps appartenu au diocèse de/d' (3 villes) Digne | Riez | Sisteron
48%
Quelles sont les sous-préfectures qui en dépendent ? Forcalquier
48%
Quelles sont les sous-préfectures qui en dépendent ? Barcelonnette
43%
Les communes limitrophes sont Champtercier
38%
Les communes limitrophes sont Marcoux
33%
Les communes limitrophes sont Entrages
29%
Les journaux locaux sont La {Marseillaise}
29%
Les communes limitrophes sont Le Brusquet
29%
Les communes limitrophes sont Le Chaffaut-Saint-Jurson
29%
Les communes limitrophes sont Thoard
29%
Les communes limitrophes sont La Robine-sur-Galabre
19%
Ses cathédrales sont dédiées à Notre-Dame | Vierge
19%
Les communes limitrophes sont Archail
14%
Les communes limitrophes sont Châteauredon
14%
Les communes limitrophes sont Chaudon-Norante
14%
Les communes limitrophes sont Clumanc
14%
Les communes limitrophes sont Tartonne
14%
Ville européenne jumelée avec la ville (2 possibles) Bad Mergentheim | Borgomanero
10%
Dans les thermes de la ville on soigne les {rhumatismes}
10%
Dans les thermes de la ville on soigne les maladies {respiratoires}
5%
Ses cathédrales sont dédiées à St Jérôme
5%
La gare a été mise en service en 1876
0%
La ville est édifiée en bordure des Préalpes
0%
Aucun quiz correspondant
Distribution des résultats
% des personnes avec chaque résultat
Percentile par nombre de réponses
Votre historique - résultats
Vous n’avez pas pris ce quiz